000 00368nam a22001457a 4500
999 _c27697
_d27697
008 250226b ||||| |||| 00| 0 eng d
041 0 _aeng
082 0 0 _a823.912
_bA493
100 _95761
_aAmbler, Eric
245 1 0 _aSage of arms /
_cby Eric Ambler
260 _aLondon :
_bReprint society ltd,
_c1960.
300 _a256 p.
650 0 _aEnglish fiction
942 _cBK